हिंदुस्तान की कहानी/ (Record no. 215526)
[ view plain ]
| 000 -LEADER | |
|---|---|
| fixed length control field | 00795nam a22001817a 4500 |
| 005 - DATE AND TIME OF LATEST TRANSACTION | |
| control field | 20260312175709.0 |
| 010 ## - LCCN (DPL NO) | |
| LC control number | BACHN26 |
| 020 ## - INTERNATIONAL STANDARD BOOK NUMBER | |
| International Standard Book Number | 9789395247719 |
| Terms of availability | 650.00 |
| 037 ## - SOURCE OF ACQUISITION | |
| Source of stock number/acquisition | स्टार पब्लिकेशन प्र.ली |
| 082 ## - DEWEY DECIMAL CLASSIFICATION NUMBER | |
| Edition number | 1 |
| Classification number | 954 |
| 100 ## - MAIN ENTRY--PERSONAL NAME | |
| Personal name | नेहरु, जवाहर लाल |
| 245 ## - TITLE STATEMENT | |
| Title | हिंदुस्तान की कहानी/ |
| Remainder of title | जवाहर लाल नेहरु |
| 250 ## - EDITION STATEMENT | |
| Edition statement | 1 |
| 260 ## - PUBLICATION, DISTRIBUTION, ETC. (IMPRINT) | |
| Name of publisher, distributor, etc | स्टार पब्लिकेशन प्र.ली |
| Date of publication, distribution, etc | 2025 |
| Place of publication, distribution, etc | दिल्ली |
| 300 ## - PHYSICAL DESCRIPTION | |
| Extent | 648पृ. |
| Dimensions | 22सेमी(साजिल्द) |
| 500 ## - GENERAL NOTE | |
| General note | प्राथमिक एवं मुख्य परीक्षा पठयक्रम |
| 942 ## - ADDED ENTRY ELEMENTS (KOHA) | |
| Source of classification or shelving scheme | Dewey Decimal Classification |
| Call number suffix | नेहरु |
| Item type | Hindi Books |
| Classification part | 954 |
No items available.
